000 00948nam a22002537a 4500
003 DO-SdBNP
005 20240530073926.0
007 ta
008 220127b2018 dr ||||| |||| 00| f spa d
020 _a9789945614008
040 _aDO-SdBNP
_bspa
_cBNPHU
082 4 _aRD863.5
_bG643p
_222
100 1 _aGonzález Rojas, Reynaldo Antonio
_981023
245 1 3 _aEl plan :
_bamistad y lujuria /
_cReynaldo Antonio González Rojas.
260 _aSanto Domingo :
_bSantuario,
_c2018.
300 _a65 p. ;
_c23 cm.
500 _aIncluye datos biográficos del autor en la solapa de la cubierta.
505 0 _aLa mediación -- Ejecución del plan -- Secuelas -- Ana y Teresa -- Otro plan -- Cristhian y Juan -- Víctimas -- La venganza -- Nuevos planes.
590 _aInventariado, 2022 /LP
650 1 0 _aNovela dominicana
_9223
650 1 4 _aLiteratura dominicana
910 _aLopérez./Validado. Control de calidad MFF
942 _2ddc
_cLBS1
999 _c51237
_d51237